00689nam a2200217 i 4500001000700000003000900007005001700016007000300033008004100036100002800077245011400105260003100219300003000250490002400280600003300304600002700337600003400364650002800398830002400426852002100450102588ES-MaACL20251207124546.0t|051117s1974 fr |||| | fre d1 aMerleau-Ponty, Jacques.10aLeçons sur la génese des théories physiques b: Galilée, Ampère, Einstein / cpar J. Merleau-Ponty. aParis : bJ. Vrin, c1974. a172 p. : bil. ; c22 cm.1 aSciences de l'homme14aGalilei, Galileo,d1564-164214aAmpere, André-Marie.14aEinstein, Albert, d1879-195504aFísica-xFilosofía.0 aSciences de l'homme aES-MaACLjE-7300